Happy Thanksgiving from the President Quiz Stats

 Plays Quiz Updated Nov 24, 2016

Score 0/12 Timer 04:00
1 Play Today
% Correct
George W. Bush
99.5%
Barack Obama
99.4%
John F. Kennedy
97.8%
Bill Clinton
97.8%
Ronald Reagan
97.4%
Richard Nixon
96.2%
George H. W. Bush
96.1%
Dwight D. Eisenhower
89.6%
Gerald Ford
88.2%
Lyndon B. Johnson
87.7%
Harry S. Truman
85.9%
Jimmy Carter (wife, Rosalynn is present along with daughter, Amy)
81.9%

You're not logged in!

Compare scores with friends on all Sporcle quizzes.
OR
Log In

Show Comments

Extras

Top Quizzes Today


Score Distribution

Your Account Isn't Verified!

In order to create a playlist on Sporcle, you need to verify the email address you used during registration. Go to your Sporcle Settings to finish the process.

Report this User

Report this user for behavior that violates our Community Guidelines.

Details: